000 00525nam a2200193Ia 4500
005 20250508154312.0
008 008 250505s9999 xx 000 0 eng d
037 _aTextual
040 _aFEDL
_beng
_cFEDL
041 _aeng
_2eng
084 _a301.572, GHU
_qFEDL
100 _aGhurye G.S.
_9345693
245 0 _aAnthrop-sociological papers
260 _aBombay, India
_bPopular Prakashan
_c1963
300 _a381p.
650 _aSociology
942 _cTEXL
_h301.572, GHU
999 _c1349463
_d1349463